| 000 | 00333 a2200121 4500 | ||
|---|---|---|---|
| 020 | _a8131501469 | ||
| 082 | _a332.6 STR | ||
| 100 | _aStrong | ||
| 245 |
_aPortfolio Construction, Management, and Protection _cStrong |
||
| 250 | _a4th ed. | ||
| 260 |
_aIndia : _bAnubha Printers, _c2007 |
||
| 300 |
_axxiv, 664p. : _bill ., ; _c24 cm |
||
| 650 | _aPortfolio Management | ||
| 999 |
_c281 _d281 |
||